000 00688nam a2200193 4500
999 _c170543
_d170543
005 20191217150505.0
010 _aENG-127172
020 _a9789389552423
_c395.00
035 _aEN-110704
037 _bDBAD/PUB
082 _a000
100 _aGandhi, Haneet
245 _aCTET paper II :
_cby Haneet Gandhi [and] Yukti Sharma
_bmathematics and science /
260 _aNoida
_bPearson India Education
_c2020
270 _a15th Floor, Tower-B, World Trade Tower, Plot No. 1 Block- C, Sector-16
_bNoida, Uttar Pradesh
_e201301
_mcompanysecretary.india@pearson.com
300 _axii;various paging.
_c24cm(pbk)
700 _aSharma, Yukti
942 _2ddc
_cEN
_h000
_mGAN